| 000 | 00909pam a2200265 a 4500 | ||
|---|---|---|---|
| 001 | 2051674 | ||
| 003 | NUST - PNEC | ||
| 005 | 20170116181135.0 | ||
| 008 | 930812s1993 enka b 001 0 eng | ||
| 010 | _a 93030279 | ||
| 020 | _a0471942723 (paper) | ||
| 040 |
_aDLC _cLIBRARY _dDLC |
||
| 050 | 0 | 0 |
_aHD69.P75 _bB87 1993 |
| 082 | 0 | 0 |
_a658.404 BUR _220 |
| 100 | 1 |
_aBurke, Rory, _d1952- |
|
| 245 | 1 | 0 |
_aProject management : _bplanning and control / _cRory Burke. |
| 250 | _a2nd ed. | ||
| 260 |
_aChichester ; _aNew York : _bJ. Wiley, _c1993. |
||
| 300 |
_axiv, 390 p. : _bill. ; _c23 cm. |
||
| 500 | _a"Reprinted with corrections"--T.p. verso. | ||
| 504 | _aIncludes bibliographical references (p. 386) and index. | ||
| 650 | 0 |
_aProject management. _xMIS |
|
| 942 |
_2ddc _cBK |
||
| 999 |
_c70162 _d70162 |
||